ბათუმის შოთა რუსთაველის სახელმწიფო უნივერსიტეტის ბიბლიოთეკა

Эксплуатация машинно-тракторного парка (ბიბ.ჩანაწერი № 35614)

000 -LEADER
fixed length control field 00717nam a2200229Ia 4500
001 - CONTROL NUMBER
control field 1480
003 - CONTROL NUMBER IDENTIFIER
control field GE_BSU
008 - FIXED-LENGTH DATA ELEMENTS--GENERAL INFORMATION
fixed length control field 181216s||||||||xx |||||||||||||| ||und||
040 ## - CATALOGING SOURCE
Transcribing agency GE_BSU
080 ## - UNIVERSAL DECIMAL CLASSIFICATION NUMBER
Universal Decimal Classification number 631.3.004(075.8)
100 ## - MAIN ENTRY--PERSONAL NAME
Personal name Иофинов,С.А. Лышко,Г.Н.
245 ## - TITLE STATEMENT
Title Эксплуатация машинно-тракторного парка
245 ## - TITLE STATEMENT
Remainder of title Уч-к для высш. сель-хоз ин-тов
250 ## - EDITION STATEMENT
Edition statement 2-е изд. доп. и перераб
260 ## - PUBLICATION, DISTRIBUTION, ETC.
Place of publication, distribution, etc. Москва
260 ## - PUBLICATION, DISTRIBUTION, ETC.
Name of publisher, distributor, etc. Колос
260 ## - PUBLICATION, DISTRIBUTION, ETC.
Date of publication, distribution, etc. 1984
300 ## - PHYSICAL DESCRIPTION
Extent 350стр. 21см.
653 ## - INDEX TERM--UNCONTROLLED
Uncontrolled term Эксплуатация машинно-тракторного парка
942 ## - ADDED ENTRY ELEMENTS (KOHA)
Koha item type წიგნი
ეგზემპლარები
Withdrawn status Lost status Damaged status Not for loan Date acquired Barcode Date last seen Price effective from Koha item type
        2018-12-17 2877 2018-12-17 2018-12-17 წიგნი